Commentary on Egyptian criminal law and the related criminal law of Palestine, Cyprus, and Iraq. (Record no. 1554)

MARC details
000 -LEADER
fixed length control field 01786cam a22004331 4500
001 - CONTROL NUMBER
control field data
005 - DATE AND TIME OF LATEST TRANSACTION
control field 20260322212106.0
008 - FIXED-LENGTH DATA ELEMENTS--GENERAL INFORMATION
fixed length control field data
035 ## - SYSTEM CONTROL NUMBER
System control number 6868356
010 ## - LIBRARY OF CONGRESS CONTROL NUMBER
LC control number 28022814
035 ## - SYSTEM CONTROL NUMBER
-- (DLC) 28022814
035 ## - SYSTEM CONTROL NUMBER
System control number (OCoLC)4585765
040 ## - CATALOGING SOURCE
Original cataloging agency DLC
Transcribing agency CLU
Modifying agency DLC
-- DLC
042 ## - AUTHENTICATION CODE
Authentication code premarc
043 ## - GEOGRAPHIC AREA CODE
Geographic area code f-ua---
050 00 - LIBRARY OF CONGRESS CALL NUMBER
Classification number KRM3800
Item number .G63 1924
100 1# - MAIN ENTRY--PERSONAL NAME
Personal name Goadby, Frederic M.
Fuller form of name (Frederic Maurice)
245 00 - TITLE STATEMENT
Title Commentary on Egyptian criminal law and the related criminal law of Palestine, Cyprus, and Iraq.
Statement of responsibility, etc. By Frederic M. Goadby.
260 ## - PUBLICATION, DISTRIBUTION, ETC.
Place of publication, distribution, etc. Cairo,
Name of publisher, distributor, etc. Government press,
Date of publication, distribution, etc. 1924-25.
300 ## - PHYSICAL DESCRIPTION
Extent 3 v.
Dimensions 22 cm.
336 ## - CONTENT TYPE
Content type term text
Content type code txt
Source rdacontent
337 ## - MEDIA TYPE
Media type term unmediated
Media type code n
Source rdamedia
338 ## - CARRIER TYPE
Carrier type term volume
Carrier type code nc
Source rdacarrier
500 ## - GENERAL NOTE
General note Paged continuously.
500 ## - GENERAL NOTE
General note At head of title: Ministry of justice, Egypt.
500 ## - GENERAL NOTE
General note "This book is in part a revised edition of an earlier work and in part new. In 1914 I published the first part of a Commentary on Egyptian criminal law. The work was, however, not completed ... The copies of this first part having now been exhausted, the Egyptian government has been good enough to arrange for the publication of a new and complete edition." -- Pref.
504 ## - BIBLIOGRAPHY, ETC. NOTE
Bibliography, etc. note Bibliography: v. 1, p.vii-ix.
650 #0 - SUBJECT ADDED ENTRY--TOPICAL TERM
Topical term or geographic name entry element Criminal law
Geographic subdivision Egypt.
650 #0 - SUBJECT ADDED ENTRY--TOPICAL TERM
Topical term or geographic name entry element Criminal law
Geographic subdivision Palestine.
650 #0 - SUBJECT ADDED ENTRY--TOPICAL TERM
Topical term or geographic name entry element Criminal law
Geographic subdivision Cyprus.
650 #0 - SUBJECT ADDED ENTRY--TOPICAL TERM
Topical term or geographic name entry element Criminal law
Geographic subdivision Iraq.
710 1# - ADDED ENTRY--CORPORATE NAME
Corporate name or jurisdiction name as entry element Egypt.
Subordinate unit Laws, statutes, etc.
710 1# - ADDED ENTRY--CORPORATE NAME
Corporate name or jurisdiction name as entry element Egypt.
Subordinate unit Wizārat al-ʻAdl.
906 ## - LOCAL DATA ELEMENT F, LDF (RLIN)
a 7
b cbc
c oclcrpl
d u
e ncip
f 19
g y-gencatlg
985 ## -
-- OCLC REPLACEMENT cdsdistr
991 ## -
-- c-LL
-- LAW <Egypt 7 Goad 1924-25 LLNEA>
-- Copy 1
-- OCLCREP
Holdings
Withdrawn status Lost status Damaged status Not for loan Home library Current library Shelving location Date acquired Total checkouts Full call number Barcode Date last seen Date last checked out Price effective from Koha item type
        Liberty Centerville General stacks 22/03/2026 1 KRM3800 LOC-LPL-00017 14/04/2026 14/04/2026 22/03/2026 Books